000 00690nam a22002057a 4500
999 _c165832
_d165832
005 20190710155914.0
010 _aB-728412
020 _a9788175993426
_c299.00
035 _aB-728412
037 _bRK Books
082 _aN
100 _aTolstoy,Leo
245 _aAnna Karenina /
_cby Leo Tolstoy ; translated by Constance Garnett
260 _aNew Delhi
_bClassics
_c2018
270 _a113/A, Daryaganj
_bNew Delhi
_e110002
300 _a760p.
_c21cm(pbk)
700 _aGarnett, Constance
942 _2ddc
_cEN
_hN
_mTOL